| 000 | 00494pab a2200181 454500 | ||
|---|---|---|---|
| 008 | 180718b2009 xxu||||| |||| 00| 0 eng d | ||
| 100 | _aBasu, Suparana | ||
| 245 | _aIs government expenditure in India growth-promoting - an econometric testing | ||
| 260 | _c2009 | ||
| 300 | _ap.385-405. | ||
| 362 | _aJan | ||
| 650 | _aPublic expenditure - India | ||
| 650 | _aPublic expenditure | ||
| 700 | _aDatta, Debabrata | ||
| 773 | _aIndian Journal of Economics | ||
| 908 | _aN | ||
| 909 | _a82431 | ||
| 999 |
_c82431 _d82431 |
||